LIBRARY & INFORMATION CENTRE, KCAET, TAVANUR

ONLINE PUBLIC ACCESS CATALOGUE (OPAC)

Nukathinnadiyil / (Record no. 728)

MARC details
000 -LEADER
fixed length control field 00430cam a2200181ua 4500
041 ## - LANGUAGE CODE
Language code of text/sound track or separate title mal
082 ## - DEWEY DECIMAL CLASSIFICATION NUMBER
Classification number 894.812308
Item number VAS/NU
100 ## - MAIN ENTRY--AUTHOR NAME
Personal name Vazov, Ivan .
245 ## - TITLE STATEMENT
Title Nukathinnadiyil /
260 ## - PUBLICATION, DISTRIBUTION, ETC. (IMPRINT)
Place of publication Ernakulam :
Name of publisher Prabhatham book house ,
Year of publication 1959.
300 ## - PHYSICAL DESCRIPTION
Number of Pages 395 ; .
942 ## - ADDED ENTRY ELEMENTS (KOHA)
Koha item type Books
Holdings
Withdrawn status Lost status Damaged status Home library Current library Date acquired Full call number Accession Number Koha item type
Withdrawn     KAUAET Malayalam University 07/04/2012 894.812308 1233 Books
Withdrawn     KAUAET Malayalam University 07/04/2012 894.812308 1234 Books
free website counter